| 000 | 00601nam a2200217 a 4500 | ||
|---|---|---|---|
| 008 | |||
| 020 | _a0070565538 (hbk.) | ||
| 049 | _aMAIN | ||
| 090 | _aTA352SHE | ||
| 100 | _aShelley, Joseph F. | ||
| 245 |
_aEngineering mechanics : _bdynamics / _cJoseph F. Shelley. |
||
| 260 |
_aNew York : _bMcGraw-Hill, _c1980. |
||
| 300 |
_axv, 473-920 [7] p. : _bill. ; _c24 cm. |
||
| 500 | _aIncludes index. | ||
| 650 | _aDynamics. | ||
| 907 |
_a.b10109535 _b27-04-11 _c06-02-04 |
||
| 003 | |||
| 005 | 20230123133621.0 | ||
| 040 | _cNUST | ||
| 942 |
_cBOOKS _kTA352SHE |
||
| 999 |
_c151685 _d151685 |
||